000
00335nam a22001457a 4500
008
240126b ||||| |||| 00| 0 eng d
020
_a
0521251214
041
_a
eng
080
_2
1983
_a
521
082
_a
521HIR
100
_a
19
101
_a
ASTRO
245
_a
GLIMPSING AN INVISIBLE UNIVERSE
_c
RICHARD .F.HIRSH
942
_2
udc
_c
BK
999
_c
60547
_d
60547